Statistics for Major 4 Sport Teams with Colors in their Name

Click here to take the quiz!

General Stats

  • This quiz has been taken 67 times
  • The average score is 9 of 12

Answer Stats

Answer% Correct
Cincinnati Reds
95%
Chicago White Sox
89%
Boston Red Sox
88%
Toronto Blue Jays
83%
Cleveland Browns
77%
Columbus Blue Jackets
72%
Detroit Red Wings
67%
St. Louis Blues
59%
Chicago Blackhawks
58%
Vegas Golden Knights
58%
Arizona Cardinals
56%
St. Louis Cardinals
56%

Score Distribution

Percentile by Number Answered

Percent of People with Each Score

Your Score History

You have not taken this quiz